[Event "NAYCC U18"]
[Site "Toronto CAN"]
[Date "2013.08.18"]
[Round "8"]
[White "Williams, Justus D"]
[Black "Preotu, Razvan"]
[Result "1/2-1/2"]
[WhiteElo "2366"]
[BlackElo "2265"]
[WhiteFideId "-1"]
[WhiteFideId "-1"]
[PlyCount "52"]
[GameId "2160767909296824"]
[EventDate "2013.08.14"]
[EventType "swiss"]
[EventRounds "9"]
[EventCountry "CAN"]
[SourceTitle "EXT 2022"]
[Source "ChessBase"]
[SourceDate "2021.10.06"]
[SourceVersion "1"]
[SourceVersionDate "2021.10.06"]
[SourceQuality "1"]

1. Nf3 Nf6 2. g3 g6 3. Bg2 Bg7 4. O-O O-O 5. c4 d5 6. d4 Nc6 7. Nbd2 dxc4 8. Nxc4 Be6 9. b3 Bd5 10. Bb2 a5 11. Rc1 a4 12. bxa4 Ra6 13. Nfe5 Bxg2 14. Kxg2 Ne4 15. Nxc6 Rxc6 16. d5 Bxb2 17. dxc6 Bxc1 18. Qxd8 Rxd8 19. Rxc1 bxc6 20. f3 Nd6 21. Ne5 Ra8 22. Nxc6 Rxa4 23. Nxe7+ Kf8 24. Nd5 Rxa2 25. Kf2 Nb5 26. Nc3 Nxc3 1/2-1/2

[Event "NAYCC U18"]
[Site "Toronto CAN"]
[Date "2013.08.18"]
[Round "9"]
[White "Liang, Awonder"]
[Black "Preotu, Razvan"]
[Result "1/2-1/2"]
[WhiteElo "2268"]
[BlackElo "2497"]
[WhiteFideId "-1"]
[WhiteFideId "-1"]
[PlyCount "53"]
[GameId "2160767909296829"]
[EventDate "2013.08.14"]
[EventType "swiss"]
[EventRounds "9"]
[EventCountry "CAN"]
[SourceTitle "hb 2013"]

1. e4 c5 2. Nf3 d6 3. d4 cxd4 4. Nxd4 Nf6 5. Nc3 a6 6. Bg5 Nbd7 7. Bc4 Qb6 8. Bb3 e6 9. O-O Be7 10. Bxe6 fxe6 11. Nxe6 Kf7 12. Be3 Qa5 13. Ng5+ Kg8 14. b4 Qa3 15. Qd4 h6 16. Qc4+ d5 17. Nxd5 hxg5 18. Bc1 Ne5 19. Nxe7+ Kh7 20. Qxc8 Raxc8 21. Bxa3 Rxc2 22. Nd5 Rd8 23. Nxf6+ gxf6 24. b5 Rdd2 25. bxa6 bxa6 26. Bc1 Re2 27. Be3 1/2-1/2

[Event "Quebec op"]
[Site "Montreal CAN"]
[Date "2013.07.23"]
[Round "4"]
[White "Preotu, Razvan"]
[Black "Vera Gonzalez Quevedo, Reynaldo"]
[Result "0-1"]
[WhiteElo "2277"]
[BlackElo "2462"]
[WhiteFideId "-1"]
[WhiteFideId "-1"]
[PlyCount "80"]
[GameId "2160767909296977"]
[EventDate "2013.07.21"]
[EventType "swiss"]
[EventRounds "9"]
[EventCountry "CAN"]
[SourceTitle "EXT 2014"]
[Source "ChessBase"]
[SourceDate "2013.11.20"]
[SourceVersion "1"]
[SourceVersionDate "2013.11.20"]
[SourceQuality "1"]

1. e4 c5 2. Nf3 d6 3. d4 Nf6 4. Nc3 cxd4 5. Nxd4 a6 6. Be3 Nc6 7. Qd2 e6 8. f3 Be7 9. g4 O-O 10. O-O-O Nd7 11. h4 Nde5 12. Qg2 b5 13. g5 Nxd4 14. Bxd4 Nc6 15. Be3 Qa5 16. Kb1 b4 17. Ne2 d5 18. Nf4 dxe4 19. fxe4 Bb7 20. Rd7 Bc8 21. Rd1 Bb7 22. Rd7 Bc8 23. Rd1 Bb7 24. Qf2 Qc7 25. Nd3 a5 26. Bb6 Qc8 27. Bc5 a4 28. Bg2 Bxc5 29. Nxc5 Ne5 30. h5 Ra5 31. Nxb7 Qxb7 32. h6 b3 33. cxb3 axb3 34. a3 Rc8 35. hxg7 Qc7 36. Rd2 Rc5 37. Qe1 Rc2 38. Qd1 Nc4 39. Re2 Nxa3+ 40. bxa3 Qc3 0-1

[Event "Quebec op"]
[Site "Montreal CAN"]
[Date "2013.07.24"]
[Round "5"]
[White "Kiewra, Keaton"]
[Black "Preotu, Razvan"]
[Result "1/2-1/2"]
[WhiteElo "2422"]
[BlackElo "2277"]
[WhiteFideId "-1"]
[WhiteFideId "-1"]
[PlyCount "76"]
[GameId "2160767909296987"]
[EventDate "2013.07.21"]
[EventType "swiss"]
[EventRounds "9"]
[EventCountry "CAN"]
[SourceTitle "EXT 2014"]
[Source "ChessBase"]
[SourceDate "2013.11.20"]
[SourceVersion "1"]
[SourceVersionDate "2013.11.20"]
[SourceQuality "1"]

1. d4 Nf6 2. c4 g6 3. Nc3 Bg7 4. e4 d6 5. f4 O-O 6. Nf3 c5 7. d5 e6 8. dxe6 fxe6 9. Be2 Nc6 10. O-O e5 11. Kh1 Bg4 12. Be3 Bxf3 13. Bxf3 Nd4 14. Qd2 a5 15. Rae1 a4 16. fxe5 dxe5 17. Nd5 Nxd5 18. exd5 Qd6 19. Be4 Rxf1+ 20. Rxf1 Rf8 21. Qd1 Rxf1+ 22. Qxf1 Qf6 23. Qxf6 Bxf6 24. g3 b6 25. b3 Nf5 26. Bf2 Nd6 27. Bd3 e4 28. Be2 Bd4 29. Be1 Kf7 30. Kg2 Nf5 31. h4 Ne3+ 32. Kh3 Nc2 33. Bd2 e3 34. Bd3 exd2 35. Bxc2 Kf6 36. Kg4 h6 37. Kf3 Be5 38. g4 g5 1/2-1/2

[Event "Quebec op inv."]
[Site "Montreal CAN"]
[Date "2013.07.21"]
[Round "1.7"]
[White "Sambuev, Bator"]
[Black "Preotu, Razvan"]
[Result "0-1"]
[WhiteElo "2530"]
[BlackElo "2277"]
[WhiteFideId "-1"]
[WhiteFideId "-1"]
[PlyCount "118"]
[GameId "2160767909305239"]
[EventDate "2013.07.21"]
[EventType "swiss"]
[EventRounds "9"]
[EventCountry "CAN"]

1. d4 Nf6 2. c4 c5 3. d5 e6 4. Nc3 exd5 5. cxd5 d6 6. e4 g6 7. Nf3 Bg7 8. Bb5+ Nbd7 9. a4 O-O 10. O-O a6 11. Be2 Re8 12. Nd2 Ne5 13. Qc2 g5 14. Re1 h6 15. Nf1 Ng6 16. Ne3 Nf4 17. Bf1 Ng4 18. Ncd1 Ne5 19. Bd2 Bd7 20. a5 Rc8 21. Nc4 Nxc4 22. Bxc4 Bd4 23. Bc3 Qf6 24. Ne3 Re7 25. Rad1 Rce8 26. Nf1 Be5 27. Bxe5 Rxe5 28. Nd2 Qe7 29. Bf1 Nxd5 30. Nc4 Nb4 31. Qd2 Ba4 32. Ra1 Bb3 33. Nxe5 Qxe5 34. Ra3 Be6 35. h4 f6 36. g3 Nc6 37. Rd3 Nd4 38. f4 gxf4 39. gxf4 Qh5 40. f5 Qg4+ 41. Bg2 Bc4 42. Rxd4 cxd4 43. Qxd4 d5 44. b3 Bxb3 45. Rb1 Qg3 46. Qxf6 dxe4 47. Kh1 Bd5 48. Qxh6 Qg7 49. Qd6 Bc6 50. Rg1 Kh8 51. Qf4 Qf6 52. Qg4 Qh6 53. Bf1 Bd5 54. Qg3 Qf6 55. Qe3 Qxh4+ 56. Bh3 Rg8 57. Qc3+ Kh7 58. Qc7+ Kh6 59. Qc1+ e3+ 0-1

[Event "Quebec op inv."]
[Site "Montreal CAN"]
[Date "2013.07.21"]
[Round "2.12"]
[White "Preotu, Razvan"]
[Black "Oliva Castaneda, Kevel"]
[Result "1-0"]
[WhiteElo "2277"]
[BlackElo "2423"]
[WhiteFideId "-1"]
[WhiteFideId "-1"]
[PlyCount "113"]
[GameId "2160767909305259"]
[EventDate "2013.07.21"]
[EventType "swiss"]
[EventRounds "9"]
[EventCountry "CAN"]

1. e4 c5 2. Nf3 d6 3. d4 cxd4 4. Nxd4 Nf6 5. Nc3 g6 6. Be3 Bg7 7. f3 O-O 8. Qd2 Nc6 9. g4 Be6 10. Nxe6 fxe6 11. O-O-O Qc8 12. h4 Ne5 13. Be2 Nfd7 14. h5 Nxf3 15. Bxf3 Rxf3 16. hxg6 hxg6 17. Bd4 Bxd4 18. Qxd4 Ne5 19. Qd2 Qf8 20. Ne2 Rf2 21. Qe3 Rc8 22. Qh3 Kf7 23. Nd4 Rc4 24. g5 Qc8 25. c3 Ke8 26. Rhf1 Ng4 27. Rg1 Rh2 28. Qg3 e5 29. Qxg4 Qxg4 30. Rxg4 exd4 31. Rxd4 Rxd4 32. cxd4 Kd7 33. d5 Kc7 34. a3 a5 35. Kb1 b5 36. a4 b4 37. Ka2 Rh3 38. Rf4 Rg3 39. Rf7 Kd7 40. Rf8 Rxg5 41. Ra8 Re5 42. Rxa5 Rxe4 43. Rb5 Rc4 44. Kb3 Rd4 45. a5 Rd1 46. Kxb4 g5 47. Rb7+ Kc8 48. Rxe7 Rxd5 49. Ka4 Re5 50. Rg7 d5 51. b4 d4 52. a6 Kb8 53. b5 d3 54. b6 Re8 55. a7+ Ka8 56. Kb5 Re1 57. Rg8+ 1-0

[Event "Quebec op inv."]
[Site "Montreal CAN"]
[Date "2013.07.22"]
[Round "3.4"]
[White "Bruzon Batista, Lazaro"]
[Black "Preotu, Razvan"]
[Result "1-0"]
[WhiteElo "2689"]
[BlackElo "2277"]
[WhiteFideId "-1"]
[WhiteFideId "-1"]
[PlyCount "85"]
[GameId "2160767909305274"]
[EventDate "2013.07.21"]
[EventType "swiss"]
[EventRounds "9"]
[EventCountry "CAN"]

1. g3 Nf6 2. Bg2 g6 3. d4 Bg7 4. e4 O-O 5. Ne2 d6 6. Nbc3 e5 7. h3 c6 8. a4 exd4 9. Nxd4 d5 10. exd5 cxd5 11. O-O Nc6 12. Be3 Re8 13. Re1 Nxd4 14. Bxd4 Rxe1+ 15. Qxe1 Bf5 16. Qd1 Be6 17. a5 Qd7 18. Qf3 Ne4 19. Bxg7 Kxg7 20. Nxe4 dxe4 21. Qxe4 Rc8 22. c3 b5 23. h4 h5 24. Qe3 Qc7 25. a6 Rb8 26. b4 Qb6 27. Qe5+ Kh7 28. Rd1 Rc8 29. Bb7 Re8 30. Qc5 Qxc5 31. bxc5 Re7 32. c6 Rc7 33. f3 Kg7 34. Kf2 Kf6 35. Ke3 Ke7 36. Kf4 Bb3 37. Rd4 Ke6 38. Rd8 Bd5 39. Bc8+ Kf6 40. Rxd5 Rxc8 41. Rd6+ Ke7 42. Ke5 Rc7 43. Kd5 1-0

[Event "Quebec op inv."]
[Site "Montreal CAN"]
[Date "2013.07.25"]
[Round "6.17"]
[White "Preotu, Razvan"]
[Black "Chandra, Akshat"]
[Result "1/2-1/2"]
[WhiteElo "2277"]
[BlackElo "2312"]
[WhiteFideId "-1"]
[WhiteFideId "-1"]
[PlyCount "131"]
[GameId "2160767909305335"]
[EventDate "2013.07.21"]
[EventType "swiss"]
[EventRounds "9"]
[EventCountry "CAN"]

1. e4 c5 2. Nf3 Nc6 3. d4 cxd4 4. Nxd4 Qc7 5. Nc3 e6 6. Be3 a6 7. Qd2 Nf6 8. O-O-O Bb4 9. f3 O-O 10. g4 b5 11. g5 Ne8 12. Kb1 Bb7 13. a3 Ba5 14. Nb3 d6 15. Nxa5 Nxa5 16. h4 Nc4 17. Bxc4 Qxc4 18. Rhg1 Rc8 19. h5 a5 20. Qd4 b4 21. axb4 axb4 22. Qxc4 Rxc4 23. Nb5 f5 24. gxf6 Rxf6 25. Nxd6 Nxd6 26. Rxd6 Rxf3 27. Bd4 Kf8 28. Bxg7+ Ke7 29. Rgd1 Bd5 30. e5 Rf2 31. Bf6+ Ke8 32. Rg1 Rg4 33. Rd1 Rgg2 34. Rd8+ Kf7 35. Rd7+ Ke8 36. Rd8+ Kf7 37. Rd7+ Ke8 38. R1xd5 exd5 39. Rb7 Rf1+ 40. Ka2 Rxc2 41. Kb3 Rh2 42. Rxh7 d4 43. Kc4 d3 44. Kxd3 Rf4 45. Ke3 Rhf2 46. Re7+ Kf8 47. Rb7 R2f3+ 48. Kd2 Rh3 49. Ke2 Rc4 50. e6 Re4+ 51. Kf2 Rxe6 52. Bg7+ Kg8 53. h6 Re4 54. Rd7 Rc4 55. Kg2 Rhh4 56. Kg3 Rhg4+ 57. Kf3 Rh4 58. Kg3 Rh1 59. Re7 Rg1+ 60. Kf3 Rf1+ 61. Kg3 Rd1 62. Kf3 Rd3+ 63. Re3 Rd7 64. Re4 Rd3+ 65. Kf4 Rxe4+ 66. Kxe4 1/2-1/2

[Event "Quebec op inv."]
[Site "Montreal CAN"]
[Date "2013.07.26"]
[Round "7.15"]
[White "Jiang, Louie"]
[Black "Preotu, Razvan"]
[Result "0-1"]
[WhiteElo "2324"]
[BlackElo "2277"]
[WhiteFideId "-1"]
[WhiteFideId "-1"]
[PlyCount "90"]
[GameId "2160767909305352"]
[EventDate "2013.07.21"]
[EventType "swiss"]
[EventRounds "9"]
[EventCountry "CAN"]

1. e4 c5 2. Nf3 d6 3. g3 Nf6 4. d3 Nc6 5. Bg2 g6 6. O-O Bg7 7. Re1 O-O 8. c3 Bg4 9. h3 Bxf3 10. Qxf3 Nd7 11. Qe2 Qc7 12. a4 a6 13. Na3 Rab8 14. Nc4 b5 15. axb5 axb5 16. Ne3 e6 17. f4 b4 18. Nd1 bxc3 19. bxc3 Nd4 20. Qf2 Nb3 21. Rb1 Nxc1 22. Rxc1 Qa5 23. Re2 Rb3 24. Rec2 Rfb8 25. Kh2 Ra3 26. d4 Rbb3 27. e5 d5 28. c4 dxc4 29. Rxc4 cxd4 30. Rxd4 Nf8 31. Rc8 Rxg3 32. Qxg3 Rxg3 33. Kxg3 Bxe5 34. Rdd8 Bg7 35. Nf2 g5 36. fxg5 Qxg5+ 37. Kf3 Qf5+ 38. Ke2 h5 39. Nd3 Qg5 40. Bf1 Bh6 41. Ne1 Kg7 42. Kd1 Ng6 43. Be2 Qe5 44. Nf3 Qa1+ 45. Kc2 Qa2+ 0-1

[Event "Quebec op inv."]
[Site "Montreal CAN"]
[Date "2013.07.27"]
[Round "8.8"]
[White "Preotu, Razvan"]
[Black "Sokolov, Ivan"]
[Result "0-1"]
[WhiteElo "2277"]
[BlackElo "2650"]
[WhiteFideId "-1"]
[WhiteFideId "-1"]
[PlyCount "98"]
[GameId "2160767909305365"]
[EventDate "2013.07.21"]
[EventType "swiss"]
[EventRounds "9"]
[EventCountry "CAN"]

1. e4 e5 2. Nf3 Nc6 3. d4 exd4 4. Nxd4 Bc5 5. Be3 Qf6 6. c3 Nge7 7. Bc4 b6 8. O-O Bb7 9. f4 O-O-O 10. b4 Bxd4 11. cxd4 d5 12. e5 Qe6 13. Bd3 Nf5 14. Bxf5 Qxf5 15. Qd2 f6 16. Qc3 fxe5 17. fxe5 Qg6 18. Nd2 Nxe5 19. Bf4 Nc4 20. Bg3 Rd7 21. Nf3 Re8 22. Rae1 Rxe1 23. Rxe1 Bc6 24. Ne5 Nxe5 25. Bxe5 Bb5 26. Bg3 Kb7 27. h3 Qf6 28. Kh2 g5 29. Re5 Bc4 30. a4 h5 31. Qf3 Qxf3 32. gxf3 Rg7 33. Rf5 Bb3 34. Be5 Bc2 35. Bxg7 Bxf5 36. Bf6 g4 37. fxg4 hxg4 38. hxg4 Bxg4 39. Kg3 Bd7 40. a5 Ka6 41. axb6 cxb6 42. Kf3 Kb5 43. Be7 Kc4 44. Ke2 a5 45. bxa5 bxa5 46. Kd2 Kb3 47. Bd8 a4 48. Ba5 a3 49. Bc3 Bf5 0-1

[Event "Quebec op inv."]
[Site "Montreal CAN"]
[Date "2013.07.28"]
[Round "9.15"]
[White "Preotu, Razvan"]
[Black "Shetty, Atulya"]
[Result "0-1"]
[WhiteElo "2277"]
[BlackElo "2314"]
[WhiteFideId "-1"]
[WhiteFideId "-1"]
[PlyCount "138"]
[GameId "2160767909305390"]
[EventDate "2013.07.21"]
[EventType "swiss"]
[EventRounds "9"]
[EventCountry "CAN"]

1. e4 e6 2. d4 d5 3. Nd2 c5 4. Ngf3 cxd4 5. exd5 Qxd5 6. Bc4 Qd6 7. O-O Nf6 8. Nb3 Nc6 9. Nbxd4 Nxd4 10. Qxd4 Qxd4 11. Nxd4 a6 12. Bf4 b5 13. Be2 Bb7 14. Nb3 Be7 15. a4 b4 16. Na5 Be4 17. Nc4 Nd5 18. Nd6+ Bxd6 19. Bxd6 Bxc2 20. Bf3 Rd8 21. Bc5 Rc8 22. Bd4 f6 23. Bxd5 exd5 24. a5 Rc4 25. Be3 Kd7 26. f3 Re8 27. Rfe1 b3 28. Ra3 Rec8 29. Kf2 Rb4 30. Rc1 Rcc4 31. Bd2 Rb8 32. Be3 Kc6 33. Bd2 Rb7 34. h3 Kd7 35. Be3 Rb8 36. Ke2 h5 37. Kf2 Rbc8 38. Re1 Rb4 39. Rc1 Rbc4 40. Ke2 Rb4 41. Kf2 Rbc4 42. Re1 h4 43. Rg1 g5 44. Re1 Kd6 45. Bd2 Rd4 46. Be3 Rd3 47. Ra4 Rc4 48. Rxc4 dxc4 49. Bc1 Rd5 50. Re8 Kd7 51. Rb8 c3 52. bxc3 Rxa5 53. c4 Ra2 54. Ke3 Kc7 55. Rb4 a5 56. Rb5 a4 57. Kd4 a3 58. Kc3 Bd1 59. Rd5 Rc2+ 60. Kxb3 Rxc1+ 61. Kxa3 Be2 62. Rf5 Rxc4 63. Rxf6 Bf1 64. Kb3 Rf4 65. Rg6 Bxg2 66. Rxg5 Bxh3 67. Kc3 Rxf3+ 68. Kd4 Bd7 69. Rh5 h3 0-1

[Event "Kitchener Winter op"]
[Site "Kitchener CAN"]
[Date "2013.03.09"]
[Round "1"]
[White "Sundar, Avinaash"]
[Black "Preotu, Razvan"]
[Result "0-1"]
[WhiteElo "2128"]
[BlackElo "2448"]
[WhiteFideId "-1"]
[WhiteFideId "-1"]
[PlyCount "89"]
[GameId "2160767909373131"]
[EventDate "2013.03.09"]
[EventType "swiss"]
[EventRounds "5"]
[EventCountry "CAN"]

1. e4 c5 2. Nf3 Nc6 3. Nc3 g6 4. d4 cxd4 5. Nxd4 Bg7 6. Nb3 Nf6 7. Be2 O-O 8. O-O b6 9. Bg5 Bb7 10. f4 d6 11. Bf3 Na5 12. Nxa5 bxa5 13. Rb1 Rb8 14. Kh1 Nd7 15. Qe1 Ba6 16. Rf2 Bc4 17. Be2 Qc7 18. Bxc4 Qxc4 19. Nd5 e6 20. b3 Qc5 21. Ne3 h6 22. Bh4 d5 23. e5 Rfc8 24. Rd2 Qc3 25. Nd1 Qc6 26. Ne3 Qc3 27. Qe2 Nc5 28. Be1 Ne4 29. Rxd5 exd5 30. Bxc3 Nxc3 31. Qe1 d4 32. Ng4 Nxb1 33. Qxb1 Rc3 34. Qd1 d3 35. Ne3 Rbc8 36. h4 dxc2 37. Nxc2 Rxc2 38. Qd5 Re2 39. h5 gxh5 40. Qxa5 Rcc2 41. Qxa7 Rxa2 42. Qb8+ Bf8 43. f5 Rxg2 44. e6 Rge2 45. exf7+ 0-1

[Event "Kitchener Winter op"]
[Site "Kitchener CAN"]
[Date "2013.03.09"]
[Round "3"]
[White "Derraugh, Geordie"]
[Black "Preotu, Razvan"]
[Result "0-1"]
[WhiteElo "2245"]
[BlackElo "2448"]
[WhiteFideId "-1"]
[WhiteFideId "-1"]
[PlyCount "78"]
[GameId "2160767909381335"]
[EventDate "2013.03.09"]
[EventType "swiss"]
[EventRounds "5"]
[EventCountry "CAN"]
[SourceTitle "EXT 2015"]
[Source "ChessBase"]
[SourceDate "2014.11.20"]
[SourceVersion "1"]
[SourceVersionDate "2014.11.20"]
[SourceQuality "1"]

1. e4 c5 2. Nc3 Nc6 3. f4 g6 4. Nf3 Bg7 5. Bb5 Nd4 6. O-O Nxb5 7. Nxb5 d6 8. d3 Nh6 9. Nc3 f5 10. Qe1 O-O 11. Kh1 e6 12. Bd2 Nf7 13. Qf2 b6 14. Rae1 Bb7 15. d4 cxd4 16. Nxd4 Qf6 17. exf5 Qxd4 18. fxe6 Nh6 19. e7 Rfc8 20. Nb5 Qxf2 21. Rxf2 Nf5 22. Bb4 Kf7 23. Rfe2 a6 24. Nxd6+ Nxd6 25. Bxd6 Re8 26. Bc7 b5 27. c3 Bd5 28. Rd2 Bxa2 29. Rd8 Bf6 30. Rd7 Be6 31. Rd6 Rxe7 32. Bd8 Re8 33. Bxf6 Kxf6 34. g4 Kf7 35. Re5 Bxg4 36. Rc5 Bh3 37. Kg1 Re2 38. Rd3 Bf5 39. Rc7+ Kg8 0-1

[Event "Kitchener Winter op"]
[Site "Kitchener CAN"]
[Date "2013.03.10"]
[Round "4"]
[White "Preotu, Razvan"]
[Black "Song, Michael"]
[Result "1-0"]
[WhiteElo "2448"]
[BlackElo "2368"]
[WhiteFideId "-1"]
[WhiteFideId "-1"]
[PlyCount "87"]
[GameId "2160767909381348"]
[EventDate "2013.03.09"]
[EventType "swiss"]
[EventRounds "5"]
[EventCountry "CAN"]
[SourceTitle "EXT 2015"]
[Source "ChessBase"]
[SourceDate "2014.11.20"]
[SourceVersion "1"]
[SourceVersionDate "2014.11.20"]
[SourceQuality "1"]

1. e4 c5 2. Ne2 d6 3. g3 g6 4. Bg2 Bg7 5. c3 Nc6 6. d4 cxd4 7. cxd4 e5 8. d5 Nce7 9. Qa4+ Qd7 10. Qxd7+ Bxd7 11. a4 f5 12. f3 Bh6 13. O-O Bxc1 14. Rxc1 Rc8 15. Na3 Rxc1+ 16. Rxc1 Nc8 17. Rc7 b6 18. Nc3 Kd8 19. Rb7 Nf6 20. Nab5 a5 21. Nc7 h5 22. Bf1 fxe4 23. fxe4 Rh7 24. Na8 Bg4 25. Rxh7 Nxh7 26. Ba6 Nf6 27. Kg2 Nd7 28. h3 Nc5 29. hxg4 Nxa6 30. gxh5 gxh5 31. Kh3 Nc5 32. Kh4 Nd7 33. Kxh5 Na7 34. g4 Kc8 35. Kg6 Kb7 36. Kf7 Nc5 37. g5 Nd3 38. g6 Nf2 39. g7 Ng4 40. Kg6 Nc8 41. Kg5 Ne7 42. Kxg4 Kxa8 43. Kg5 Kb7 44. Kf6 1-0

[Event "Wch-U14"]
[Site "Maribor SLO"]
[Date "2012.11.08"]
[Round "1.47"]
[White "Preotu, Razvan"]
[Black "Comas, Abnell"]
[Result "1-0"]
[WhiteElo "2086"]
[BlackElo "1705"]
[WhiteFideId "-1"]
[WhiteFideId "-1"]
[PlyCount "65"]
[GameId "2130307689578703"]
[EventDate "2012.11.08"]
[EventType "swiss"]
[EventRounds "11"]
[EventCountry "SLO"]
[SourceTitle "Youth Database"]
[Source "Cbase R.Goldau"]
[SourceDate "2000.03.01"]
[SourceVersion "1"]
[SourceVersionDate "2012.11.21"]
[SourceQuality "1"]

1. e4 e5 2. Nf3 Nc6 3. Bb5 a6 4. Ba4 Nf6 5. Qe2 b5 6. Bb3 Bc5 7. c3 O-O 8. d3 Bb7 9. Bg5 h6 10. Bh4 Re8 11. Nbd2 Rb8 12. Nf1 b4 13. Ne3 Bxe3 14. fxe3 bxc3 15. bxc3 Na5 16. Bc2 Re6 17. O-O Qe7 18. d4 g5 19. Nxg5 hxg5 20. Bxg5 Qd6 21. d5 Nxd5 22. exd5 Bxd5 23. Qg4 e4 24. Rad1 Rb5 25. Bf6+ Kf8 26. Qh4 Ke8 27. Bg7 f6 28. Qh8+ Kf7 29. Qh7 Nc4 30. Bxf6+ Ke8 31. Qg6+ Kf8 32. Bg5+ Rf6 33. Rxf6+ 1-0

[Event "Wch-U14"]
[Site "Maribor SLO"]
[Date "2012.11.09"]
[Round "2.2"]
[White "Sanal, Vahap"]
[Black "Preotu, Razvan"]
[Result "1-0"]
[WhiteElo "2397"]
[BlackElo "2086"]
[WhiteFideId "-1"]
[WhiteFideId "-1"]
[PlyCount "123"]
[GameId "2130307689578738"]
[EventDate "2012.11.08"]
[EventType "swiss"]
[EventRounds "11"]
[EventCountry "SLO"]
[SourceTitle "Youth Database"]
[Source "Cbase R.Goldau"]
[SourceDate "2000.03.01"]
[SourceVersion "1"]
[SourceVersionDate "2012.11.21"]
[SourceQuality "1"]

1. e4 c5 2. Nf3 Nc6 3. Nc3 g6 4. d4 cxd4 5. Nxd4 Bg7 6. Be3 Nf6 7. Bc4 O-O 8. Bb3 a5 9. O-O a4 10. Nxa4 Nxe4 11. Nb5 d5 12. Bb6 Qd7 13. c3 e6 14. Re1 Ne7 15. Qd3 Qc6 16. Nd4 Bxd4 17. Qxd4 Bd7 18. f3 Nd6 19. Bc5 Nef5 20. Qb4 Rfc8 21. Bxd6 b5 22. Be5 bxa4 23. Bc2 Qc5+ 24. Qxc5 Rxc5 25. g4 Ng7 26. Rad1 Ne8 27. g5 Ng7 28. Bd3 Nf5 29. Kf2 Rcc8 30. h4 Ra7 31. h5 Rb7 32. c4 dxc4 33. Be4 Ra7 34. Rd2 Ne7 35. Bf6 Nd5 36. Bxd5 exd5 37. hxg6 fxg6 38. Re7 Rca8 39. Bd4 Rb7 40. Rg7+ Kf8 41. Rxh7 Re8 42. Kg3 Bc6 43. Bc5+ Kg8 44. Rh6 Kf7 45. Rdh2 Re1 46. R2h4 d4 47. Rf4+ Ke8 48. Rf8+ Kd7 49. Rh7+ Ke6 50. Rxb7 Bxb7 51. Re8+ Kd5 52. Rxe1 Kxc5 53. Re7 Bc6 54. Kf2 a3 55. bxa3 c3 56. Ke2 Kc4 57. Rc7 Kd5 58. Rxc6 Kxc6 59. Kd3 Kb5 60. f4 Ka4 61. f5 Kxa3 62. Kc2 1-0

[Event "Wch-U14"]
[Site "Maribor SLO"]
[Date "2012.11.10"]
[Round "3.35"]
[White "Preotu, Razvan"]
[Black "Grama, Cristian"]
[Result "1-0"]
[WhiteElo "2086"]
[BlackElo "1804"]
[WhiteFideId "-1"]
[WhiteFideId "-1"]
[PlyCount "75"]
[GameId "2130307689587020"]
[EventDate "2012.11.08"]
[EventType "swiss"]
[EventRounds "11"]
[EventCountry "SLO"]
[SourceTitle "Youth Database"]
[Source "Cbase R.Goldau"]
[SourceDate "2000.03.01"]
[SourceVersion "1"]
[SourceVersionDate "2012.11.21"]
[SourceQuality "1"]

1. e4 Nf6 2. e5 Nd5 3. d4 d6 4. c4 Nb6 5. exd6 cxd6 6. Nc3 g6 7. Be3 Bg7 8. Rc1 O-O 9. b3 e5 10. dxe5 dxe5 11. Qxd8 Rxd8 12. c5 N6d7 13. Nf3 Nc6 14. Bc4 h6 15. Ne4 Na5 16. Be2 Nf8 17. Nd6 Rb8 18. O-O Be6 19. Rfd1 Nc6 20. Nd2 Nb4 21. a3 Nd5 22. N2c4 Nxe3 23. fxe3 f5 24. Na5 Rd7 25. Naxb7 Rdxb7 26. Nxb7 Rxb7 27. b4 e4 28. c6 Rc7 29. a4 Bb3 30. Bc4+ Bxc4 31. Rxc4 Bf6 32. b5 Ne6 33. a5 Nd8 34. b6 axb6 35. axb6 Rc8 36. b7 Nxb7 37. cxb7 Rb8 38. Rc8+ 1-0

[Event "Wch-U14"]
[Site "Maribor SLO"]
[Date "2012.11.11"]
[Round "4.33"]
[White "Hladnic, Emanuel"]
[Black "Preotu, Razvan"]
[Result "0-1"]
[WhiteElo "1796"]
[BlackElo "2086"]
[WhiteFideId "-1"]
[WhiteFideId "-1"]
[PlyCount "108"]
[GameId "2130307689591189"]
[EventDate "2012.11.08"]
[EventType "swiss"]
[EventRounds "11"]
[EventCountry "SLO"]
[SourceTitle "Youth Database"]
[Source "Cbase R.Goldau"]
[SourceDate "2000.03.01"]
[SourceVersion "1"]
[SourceVersionDate "2012.11.21"]
[SourceQuality "1"]

1. Nf3 Nf6 2. g3 g6 3. Bg2 Bg7 4. O-O O-O 5. d4 d6 6. c4 Nc6 7. Nc3 a6 8. h3 Rb8 9. e4 b5 10. e5 dxe5 11. dxe5 Qxd1 12. Rxd1 Nd7 13. cxb5 Ncxe5 14. Nxe5 Nxe5 15. Be3 Nc4 16. Ba7 Bxc3 17. bxc3 Rxb5 18. Bf1 Be6 19. Bxc4 Bxc4 20. Rd7 Rc8 21. h4 Be6 22. Rd2 c5 23. Rad1 Kg7 24. Rd8 Rxd8 25. Rxd8 Bxa2 26. Rc8 Bd5 27. g4 Be6 28. Rxc5 Bxg4 29. Rxb5 axb5 30. Kh2 Kf6 31. Kg3 Bd1 32. Be3 Kf5 33. f4 Ke4 34. Bc5 e5 35. fxe5 Kxe5 36. Bf8 h5 37. Bh6 Kf5 38. Bf8 g5 39. hxg5 Kxg5 40. Be7+ Kf5 41. Bd8 Ke5 42. Bc7+ Ke4 43. Bf4 f5 44. Bg5 f4+ 45. Kf2 Kf5 46. Be7 Kg4 47. Kg2 h4 48. Bc5 Bf3+ 49. Kh2 Bd5 50. Be7 h3 51. Bc5 Be6 52. Kg1 Kf3 53. Bd6 Ke3 54. Bc5+ Ke2 0-1

[Event "Wch-U14"]
[Site "Maribor SLO"]
[Date "2012.11.12"]
[Round "5.15"]
[White "Preotu, Razvan"]
[Black "Petrosyan, Manuel"]
[Result "1-0"]
[WhiteElo "2086"]
[BlackElo "2281"]
[WhiteFideId "-1"]
[WhiteFideId "-1"]
[PlyCount "113"]
[GameId "2130307689595345"]
[EventDate "2012.11.08"]
[EventType "swiss"]
[EventRounds "11"]
[EventCountry "SLO"]
[SourceTitle "Youth Database"]
[Source "Cbase R.Goldau"]
[SourceDate "2000.03.01"]
[SourceVersion "1"]
[SourceVersionDate "2012.11.21"]
[SourceQuality "1"]

1. e4 c6 2. d4 d5 3. Nc3 dxe4 4. Nxe4 Nd7 5. Ng5 Ngf6 6. Bd3 e6 7. N1f3 Bd6 8. Qe2 h6 9. Ne4 Nxe4 10. Qxe4 Nf6 11. Qh4 Ke7 12. Ne5 Bxe5 13. dxe5 Qa5+ 14. c3 Qxe5+ 15. Be3 b6 16. O-O-O g5 17. Qa4 c5 18. Rhe1 Bd7 19. Qa3 Bc6 20. g3 Qc7 21. f4 Rhg8 22. Bd4 Bf3 23. fxg5 hxg5 24. Rf1 g4 25. Bxf6+ Kxf6 26. Be4 Rad8 27. Bxf3 gxf3 28. Rxf3+ Ke7 29. Rdf1 f5 30. Qa4 Rh8 31. h4 Rdg8 32. Re1 Rg4 33. Qc2 Rf8 34. Qe2 Re4 35. Re3 Rxe3 36. Qxe3 Rf6 37. Rf1 Rg6 38. Rf3 Kf7 39. h5 Rg4 40. a3 Qd8 41. Qe5 Qg5+ 42. Kc2 Qxh5 43. Rd3 Re4 44. Rd7+ Ke8 45. Qc7 Re2+ 46. Kb1 Rxb2+ 47. Kc1 Rb1+ 48. Kxb1 Qh1+ 49. Kb2 Qg2+ 50. Kb3 c4+ 51. Ka4 Qc2+ 52. Kb5 Qb3+ 53. Kc6 Qa4+ 54. Kd6 Qd1+ 55. Kxe6 Qe1+ 56. Kf6 Qxc3+ 57. Kg6 1-0